[Event "Oberwart op"]
[Site "Oberwart"]
[Date "1996.??.??"]
[Round "4"]
[White "Rieke, Theo"]
[Black "Groszpeter, Attila"]
[Result "0-1"]
[WhiteElo "2215"]
[BlackElo "2545"]

1.e4 c5 2.Nf3 d6 3.d4 cxd4 4.Nxd4 Nf6 5.Nc3 Nc6 6.Bg5 e6 7.Qd2 a6 8.O-O-O Bd7
9.f4 Qc7 10.Nf3 O-O-O 11.Qe1 h6 12.Bh4 Be7 13.Bf2 Kb8 14.Kb1 Bc8 15.Bd3 Rhe8
16.Qg1 Nd7 17.Na4 b5 18.Nb6 Nc5 19.Nxc8 Rxc8 20.Qe1 Red8 21.Qe2 Qb7 22.Rhe1 Na4
23.Nd4 Na5 24.Qd2 Nc4 25.Bxc4 bxc4 26.c3 Nc5 27.Qc2 Nd3 28.Rxd3 cxd3 29.Qxd3 Ka8
30.Nb3 d5 31.e5 Rb8 32.Re2 Rdc8 33.Qe3 Rc7 34.Qd3 g6 35.Bd4 h5 36.Qe3 Qb5
37.g3 a5 38.Nc1 Bc5 39.Nd3 Bxd4 40.Qxd4 Rc4 41.Qe3 Rxc3  0-1

[Event "Oberwart op"]
[Site "Oberwart"]
[Date "1996.??.??"]
[Round "8"]
[White "Groszpeter, Attila"]
[Black "Balinov, Ilija"]
[Result "0-1"]
[WhiteElo "2545"]
[BlackElo "2385"]

1.e4 c5 2.Nf3 d6 3.d4 cxd4 4.Nxd4 Nf6 5.Nc3 Nc6 6.Bg5 Bd7 7.Qd2 Nxd4 8.Qxd4 Qa5
9.f4 h6 10.Bxf6 gxf6 11.O-O-O Rc8 12.Kb1 Qc5 13.Qd2 f5 14.exf5 Bxf5 15.Bd3 Bg7
16.Bxf5 Qxf5 17.Nd5 e6 18.Rhe1 h5 19.g3 Rc6 20.Re2 Kd7 21.Qb4 Rb8 22.Ne3 Qc5
23.a3 a5 24.Qxc5 Rxc5 25.Red2 Rc6 26.c3 b5 27.Nc2 f5 28.Nd4 Bxd4 29.Rxd4 a4
30.Kc2 Rbc8 31.R1d2 d5 32.Re2 Rc4 33.Rd1 Rg8 34.Rde1 Rg6 35.h4 Re4 36.Re3 Rxg3
37.Rxg3 Rxe1 38.Rg5 Re2+ 39.Kc1 Rf2 40.Rxh5 Rxf4 41.Rh8 Rf1+ 42.Kc2 Rf2+
43.Kc1 Rh2 44.h5 Kd6 45.h6 Ke5 46.h7 f4 47.Kd1 Ke4 48.Re8 Rxh7 49.Rxe6+ Kd3
50.Ke1 Rh2 51.Rd6 Rxb2 52.Rxd5+ Kxc3 53.Rf5 b4 54.Rxf4 bxa3 55.Rf3+ Kb4 56.Rf4+ Kb5
57.Rf5+ Kc6  0-1

[Event "RUS-Cup3"]
[Site "Omsk"]
[Date "1996.??.??"]
[Round "1"]
[White "Kozirev, Alexander"]
[Black "Sherbakov, Ruslan"]
[Result "0-1"]
[WhiteElo "2370"]
[BlackElo "2555"]

1.e4 c5 2.Nf3 Nc6 3.d4 cxd4 4.Nxd4 Nf6 5.Nc3 d6 6.Bg5 a6 7.Qd2 Qb6 8.Nb3 e6
9.O-O-O Qc7 10.f4 Be7 11.Bxf6 gxf6 12.Be2 h5 13.h4 b5 14.Bf3 Bb7 15.Kb1 O-O-O
16.Qe2 Rh7 17.Bxh5 Rdh8 18.g4 Nb8 19.a3 Nd7 20.Rh3 Nc5 21.Nd4 Kb8 22.Re3 Nd7
23.a4 b4 24.Na2 Qb6 25.a5 Qxa5 26.Rb3 d5 27.exd5 Bxd5 28.c4 Bb7 29.Nc2 Nc5
30.Rxb4 Qc7 31.f5 Ka8 32.Nc3 Qe5 33.Qf2 Ne4 34.Qb6 Bxb4 35.Nxb4 Qc5 36.Na4 Qxb6
37.Nxb6+ Ka7 38.Na4 Rc8 39.Rd7 exf5 40.Nd5 Rxc4 41.Nxf6 Nxf6  0-1

[Event "RUS-Cup3"]
[Site "Omsk"]
[Date "1996.??.??"]
[Round "5"]
[White "Kozirev, Alexander"]
[Black "Lopushnoy, Denis"]
[Result "1/2-1/2"]
[WhiteElo "2370"]
[BlackElo "2295"]

1.e4 c5 2.Nf3 Nc6 3.d4 cxd4 4.Nxd4 Nf6 5.Nc3 d6 6.Bg5 e6 7.Qd2 a6 8.O-O-O h6
9.Be3 Be7 10.f4 Nxd4 11.Bxd4 b5 12.Bxf6 Bxf6 13.Qxd6 Qxd6 14.Rxd6 Bb7 15.e5 Be7
16.Rd2 g5 17.Bd3  1/2-1/2

[Event "RUS-chT"]
[Site "Orel"]
[Date "1996.??.??"]
[Round "?"]
[White "Berelovich, Aleksandar"]
[Black "Ragozin, Evgeni"]
[Result "1-0"]
[WhiteElo "2505"]
[BlackElo "2475"]

1.e4 c5 2.Nf3 Nc6 3.d4 cxd4 4.Nxd4 Nf6 5.Nc3 d6 6.Bg5 e6 7.Qd2 a6 8.O-O-O h6
9.Bxf6 Qxf6 10.Nb3 Qd8 11.f4 Be7 12.Kb1 b5 13.h4 Bd7 14.Qe3 Na5 15.e5 d5
16.Qg3 g6 17.h5 g5 18.f5 Nxb3 19.fxe6 Bxe6 20.axb3 d4 21.Be2 Qb6 22.Ne4 O-O
23.Rhf1 Rad8 24.Nf6+ Kg7 25.Qd3 Rh8 26.Bg4 Ra8 27.Bxe6 Qxe6 28.Rf5 Bc5 29.Ng4 Raf8  1-0

[Event "ESP-chT"]
[Site "Oropesa del Mar"]
[Date "1996.??.??"]
[Round "1"]
[White "Magem Badals, Jorge"]
[Black "Gomez Guerrero, Manuel"]
[Result "1-0"]
[WhiteElo "2570"]
[BlackElo "2205"]

1.e4 c5 2.Nf3 Nc6 3.d4 cxd4 4.Nxd4 Nf6 5.Nc3 d6 6.Bg5 e6 7.Qd2 a6 8.O-O-O h6
9.Be3 Be7 10.f4 Nxd4 11.Bxd4 b5 12.Kb1 b4 13.Na4 Rb8 14.Qe3 O-O 15.b3 Bd7
16.Nb2 Bb5 17.Bd3 Qc7 18.g4 Rfc8 19.Qg3 Bxd3 20.cxd3 d5 21.e5 Qc2+ 22.Ka1 Nd7
23.Qf2 Qxf2 24.Bxf2 Rc2 25.Bg3 Rbc8 26.Kb1 f6 27.d4 fxe5 28.fxe5 Bg5 29.Nd3 a5
30.Bf4 Bxf4 31.Nxf4 Rf2 32.Rdf1 Rxf1+ 33.Rxf1 Rf8 34.Rf2 Nb8 35.Kc2 Nc6 36.Kd3 Rf7
37.Ke3 Re7 38.Nd3 a4 39.Rc2 Na5 40.Nxb4 axb3 41.axb3 Nxb3 42.Rc8+ Kh7 43.Nd3 Na5
44.Nf4 Nc4+ 45.Kf3 Rf7 46.Kg3 Nd2 47.Nxe6 Ne4+ 48.Kg2 Rf2+ 49.Kg1 Rd2 50.h4 g5
51.h5 Nf2 52.Nf8+ Kg7 53.Ng6 Nxg4 54.Rc7+ Kg8 55.e6 Re2 56.Rc8+ Kg7 57.e7 Nf6
58.Ne5 Re1+ 59.Kg2 Re2+ 60.Kf1 Ra2 61.Rf8 Ra1+ 62.Ke2 Ra7 63.Rf7+ Kg8 64.e8=Q+ Nxe8
65.Rxa7  1-0

[Event "ESP-chTA"]
[Site "Oropesa del Mar"]
[Date "1996.??.??"]
[Round "5"]
[White "De la Villa Garcia, Jesus Maria"]
[Black "Campos Moreno, Javier B"]
[Result "1/2-1/2"]
[WhiteElo "2495"]
[BlackElo "2485"]

1.e4 c5 2.Nf3 Nc6 3.d4 cxd4 4.Nxd4 Nf6 5.Nc3 d6 6.Bg5 e6 7.Qd2 a6 8.O-O-O h6
9.Be3 Be7 10.f3 Nxd4 11.Qxd4 b5 12.e5 dxe5 13.Qxe5 Bd7 14.Ne4 Nxe4 15.Qxe4 Rc8
16.Bd3 Bf6 17.Kb1 Qa5 18.Qb7 Rc7 19.Qb8+ Rc8 20.Qd6 Rc6 21.Qf4 Bg5 22.Qe4 f5
23.Qe5 Bf6 24.Qf4 O-O 25.Bxf5 exf5 26.Rxd7 Bxb2 27.Bd4 Bxd4 28.Qxd4 Rff6
29.Rd1  1/2-1/2

[Event "Pamplona9596"]
[Site "Pamplona"]
[Date "1996.??.??"]
[Round "?"]
[White "Illescas Cordoba, Miguel"]
[Black "San Segundo, Pablo"]
[Result "1/2-1/2"]
[WhiteElo "2620"]
[BlackElo "2520"]

1.e4 c5 2.Nf3 d6 3.d4 cxd4 4.Nxd4 Nf6 5.Nc3 Nc6 6.Bg5 e6 7.Qd2 a6 8.O-O-O h6
9.Be3 Be7 10.f4 Bd7 11.Kb1 b5 12.Bd3 Nxd4 13.Bxd4 Bc6 14.Rhe1 Rc8 15.a3 Qd7
16.Qe2 Qb7 17.g4 Ra8 18.g5 hxg5 19.fxg5 Nd7 20.g6 f6 21.Qg4 Nf8 22.Ne2 e5
23.Be3 Bd7 24.Qg1 b4 25.Bc4 Be6 26.Bxe6 Nxe6 27.axb4 Qxb4 28.Qg4 Rb8 29.b3 Nc7
30.Bd2 Qc4 31.Nc3 d5 32.Ka2 Qb4 33.Nxd5 Qa3+ 34.Kb1 Rxb3+ 35.cxb3 Qxb3+ 36.Ka1 Qa3+
37.Kb1 Qd3+ 38.Ka1 Qa3+ 39.Kb1 Qb3+ 40.Ka1  1/2-1/2

[Event "Pamplona9596"]
[Site "Pamplona"]
[Date "1996.??.??"]
[Round "?"]
[White "Magem Badals, Jorge"]
[Black "San Segundo, Pablo"]
[Result "1/2-1/2"]
[WhiteElo "2560"]
[BlackElo "2520"]

1.e4 c5 2.Nf3 d6 3.d4 cxd4 4.Nxd4 Nf6 5.Nc3 Nc6 6.Bg5 e6 7.Qd2 a6 8.O-O-O h6
9.Be3 Be7 10.f3 Nxd4 11.Bxd4 b5 12.Kb1 Rb8 13.g4 Qa5 14.a3 e5 15.Bf2 Be6
16.h4 b4 17.Nd5 Bxd5 18.exd5 Qa4 19.b3 Qxa3 20.Rg1 a5 21.g5 hxg5 22.hxg5 a4
23.Bc4 axb3 24.cxb3 Nd7 25.Rh1 Rxh1 26.Rxh1 Ra8 27.Rh8+ Bf8 28.Qb2 Qxb2+
29.Kxb2 Rb8 30.Ba7 Rb7 31.Be3 g6 32.Kb1 Rb8 33.Ba7 Rb7 34.Be3 Ke7 35.Rh4 Nc5
36.Bxc5 dxc5 37.d6+ Kxd6 38.Rh7 Re7 39.Rxf7 Rxf7 40.Bxf7 Be7 41.Bxg6 Bxg5
42.Kc2 Be3  1/2-1/2

[Event "Pan American-ch "]
[Site "?"]
[Date "1996.??.??"]
[Round "?"]
[White "Gallardo, Eduardo"]
[Black "Valenzuela, Luis"]
[Result "1/2-1/2"]
[WhiteElo "2055"]
[BlackElo "2270"]

1.e4 c5 2.Nf3 d6 3.d4 cxd4 4.Nxd4 Nf6 5.Nc3 Nc6 6.Bg5 e6 7.Qd2 Be7 8.O-O-O O-O
9.f4 Nxd4 10.Qxd4 Qa5 11.Bc4 Bd7 12.e5 dxe5 13.fxe5 Bc6 14.Bd2 Nd7 15.Nd5 Qd8
16.Nxe7+ Qxe7 17.Rhe1 Rfd8 18.Qg4 Nf8 19.h4 Qc5 20.Bc3 Rxd1+ 21.Rxd1 Qf2
22.Rf1 Qe3+ 23.Kb1 Rd8 24.a3 b5 25.Bb3 Rd7 26.Bb4 Bd5 27.Bxf8 Kxf8 28.Qb4+ Ke8
29.Qxb5 Bxb3 30.Qb8+ Ke7 31.Qb4+ Ke8 32.Qb8+ Rd8 33.Qb5+ Rd7  1/2-1/2

[Event "Komercni Banka op"]
[Site "Pardubice"]
[Date "1996.??.??"]
[Round "1"]
[White "Milov, Leonid"]
[Black "Kolesar, Milan"]
[Result "1-0"]
[WhiteElo "2455"]
[BlackElo "2240"]

1.e4 c5 2.Nf3 d6 3.d4 cxd4 4.Nxd4 Nf6 5.Nc3 Nc6 6.Bg5 e6 7.Bb5 Bd7 8.Bxc6 bxc6
9.Qf3 h6 10.Bh4 Rc8 11.O-O-O Be7 12.Rhe1 O-O 13.Nb3 d5 14.g4 Nh7 15.Bxe7 Qxe7
16.Qg3 dxe4 17.Nxe4 Rfd8 18.h4 Be8 19.g5 h5 20.Nd6 Rb8 21.Nc5 g6 22.Qe5 Rb4
23.f4 a5 24.a3 Rb6 25.f5 gxf5 26.Nxf5 Rxd1+ 27.Rxd1  1-0

[Event "Komercni Banka op"]
[Site "Pardubice"]
[Date "1996.??.??"]
[Round "5"]
[White "Svatos, Jan"]
[Black "Filipenko, Alexander V"]
[Result "0-1"]
[WhiteElo "2245"]
[BlackElo "2430"]

1.e4 c5 2.Nf3 Nc6 3.d4 cxd4 4.Nxd4 Nf6 5.Nc3 d6 6.Bg5 e6 7.Qd2 a6 8.O-O-O Bd7
9.f4 b5 10.Bxf6 gxf6 11.Nxc6 Bxc6 12.Bd3 Qb6 13.Rhe1 Be7 14.f5 h5 15.fxe6 fxe6
16.Nd5 exd5 17.exd5 Bd7 18.Qe2 Qd8 19.Bg6+ Kf8 20.Bxh5 f5 21.Rf1 Bf6 22.Qf3 Bg7
23.Bg4 Kg8 24.Bxf5 Qg5+ 25.Kb1 Rf8 26.g4 Bxf5 27.gxf5 Qf6 28.c3 b4 29.Rc1 Rxh2
30.Rf2 Rxf2 31.Qxf2 bxc3 32.Rxc3 Qe5 33.Qd2 Rxf5  0-1

[Event "Komercni Banka op"]
[Site "Pardubice"]
[Date "1996.??.??"]
[Round "6"]
[White "Filipenko, Alexander V"]
[Black "Chernyshov, Konstantin"]
[Result "1-0"]
[WhiteElo "2430"]
[BlackElo "2470"]

1.e4 c5 2.Nf3 Nc6 3.d4 cxd4 4.Nxd4 Nf6 5.Nc3 d6 6.Bg5 e6 7.Qd2 a6 8.O-O-O h6
9.Bf4 Bd7 10.Bg3 Rc8 11.Nb3 Ne5 12.f4 Rxc3 13.Qxc3 Nxe4 14.Qb4 Nxg3 15.hxg3 Ng4
16.Qxb7 Nf2 17.Bxa6 Nxh1 18.Rxh1 Be7 19.Nc5 dxc5 20.Rd1 O-O 21.Qxd7 Qa5 22.Qxe7 Qxa6
23.a3 Qe2 24.Qxc5 Qxg2 25.Qc3 Ra8 26.Kb1 Qb7 27.Rd4 h5 28.Qd3 Qb6 29.Rd6 Qc7
30.Rd7 Qb6 31.b4 g6 32.c4 Qg1+ 33.Kb2 h4 34.Rd8+ Rxd8 35.Qxd8+ Kg7 36.gxh4 Qf2+
37.Kc3 Qa2 38.Qd4+ f6 39.Qd7+ Kh6 40.c5 Qxa3+ 41.Kc4 Qc1+ 42.Kb5 Qf1+ 43.Ka5 Qxf4
44.c6 Qe5+ 45.b5 Qe1+ 46.Ka6 Qa1+ 47.Kb7 Qh1 48.Kb8 Qg1 49.Qd8 Kh5 50.Kb7 g5
51.hxg5 fxg5 52.Qe8+ Kh4 53.c7  1-0

[Event "Komercni Banka op"]
[Site "Pardubice"]
[Date "1996.??.??"]
[Round "7"]
[White "Klovans, Janis"]
[Black "Furman, Boris"]
[Result "1/2-1/2"]
[WhiteElo "2530"]
[BlackElo "2220"]

1.e4 c5 2.Nf3 Nc6 3.d4 cxd4 4.Nxd4 Nf6 5.Nc3 d6 6.Bg5 e6 7.Qd2 Be7 8.O-O-O O-O
9.Nb3 Qb6 10.f3 Rd8 11.Be3 Qc7 12.Qf2 d5 13.exd5 Nxd5 14.Nxd5 Rxd5 15.Rxd5 exd5
16.h4 Ne5 17.Kb1 Nc4 18.Bd4 a5 19.h5 a4 20.Nc1 b5 21.Bd3 b4 22.Re1 Ba6 23.h6 g6
24.Bg7 Bb5 25.Qd4 Qc5 26.Ne2 b3 27.Nc3 bxc2+ 28.Kxc2 Bc6 29.Qxc5 Bxc5 30.Bxc4 dxc4
31.Ne4 Be7 32.Nf6+ Bxf6 33.Bxf6 a3 34.Re5 Ba4+ 35.Kc3 axb2 36.Kxb2 Bd7 37.Re7 Be6
38.a4 Kf8 39.Ka3 Rc8 40.Rb7 c3 41.Bg5 c2 42.Bc1 g5 43.a5 g4 44.fxg4 Bd5 45.Rb6 Bxg2
46.a6 Rc6 47.Rxc6 Bxc6 48.Kb3 Be4 49.Kc4 Ke7 50.Kd4 Bf3 51.g5 Ke6 52.Kd3 Kd6
53.Kxc2 Kc6 54.Be3 Kb5 55.a7 Ka6 56.Kd3 Kb7 57.g6 fxg6 58.Bg5 Kc7  1/2-1/2

[Event "St Petersburg-Paris"]
[Site "Paris"]
[Date "1996.??.??"]
[Round "5"]
[White "Tirard, Hugo"]
[Black "Lugovoi, Aleksei"]
[Result "0-1"]
[WhiteElo "2365"]
[BlackElo "2470"]

1.e4 c5 2.Nf3 d6 3.d4 cxd4 4.Nxd4 Nf6 5.Nc3 Nc6 6.Bg5 e6 7.Qd2 h6 8.Bxf6 gxf6
9.O-O-O a6 10.f4 Bd7 11.Kb1 h5 12.a3 Qc7 13.g3 O-O-O 14.Bh3 Kb8 15.f5 Nxd4
16.Qxd4 Be7 17.Ne2 d5 18.fxe6 Bxe6 19.Bxe6 fxe6 20.exd5 Rxd5 21.Qf4 Re5 22.Nc1 Rg8
23.Nd3 Rg4 24.Qf3 Rb5 25.Nf4 Qb6 26.Qc3 Rgg5 27.Nd3 e5 28.Rhe1 Rg8 29.Re4 Rc8
30.Rc4 Rxc4 31.Qxc4 Bxa3 32.b3 Ka7 33.Rf1 Be7 34.Nb2 Ra5 35.Qf7 Qb4 36.Nc4 Rb5
37.Kb2 Bc5 38.Kc1 Qc3 39.Qxh5 Qa1+  0-1

[Event "Paris op"]
[Site "Paris"]
[Date "1996.??.??"]
[Round "7"]
[White "Palac, Mladen"]
[Black "Vydeslaver, Alik"]
[Result "1-0"]
[WhiteElo "2545"]
[BlackElo "2480"]

1.e4 c5 2.Nf3 d6 3.d4 cxd4 4.Nxd4 Nf6 5.Nc3 Nc6 6.Bg5 e6 7.Qd2 a6 8.O-O-O h6
9.Be3 Be7 10.f4 Nxd4 11.Bxd4 b5 12.Kb1 Bb7 13.Bd3 b4 14.Ne2 Nxe4 15.Qxb4 Qc7
16.Bxg7 d5 17.Qe1 Rg8 18.Be5 Qb6 19.Bxe4 dxe4 20.Ng3 Rc8 21.Qd2 Bd5 22.Nxe4 Qc6
23.Nc3 Rxg2 24.Qd3 Rd8 25.Qh7 f6 26.Bd4 Bf3 27.Rd3 f5 28.Qh8+ Kf7 29.Qh7+ Ke8
30.Rc1 h5 31.Qh8+ Kf7 32.Qh7+ Ke8 33.Re1 h4 34.Qh8+ Kf7 35.Qh7+ Ke8 36.Rf1 Be4
37.Qh5+ Kd7  1-0

[Event "Paris op"]
[Site "Paris"]
[Date "1996.??.??"]
[Round "9"]
[White "Varavin, Viktor"]
[Black "Dunnington, Angus J"]
[Result "1-0"]
[WhiteElo "2515"]
[BlackElo "2450"]

1.e4 c5 2.Nf3 d6 3.d4 cxd4 4.Nxd4 Nf6 5.Nc3 Nc6 6.Bg5 e6 7.Qd2 a6 8.O-O-O h6
9.Be3 Qc7 10.f4 Bd7 11.h3 b5 12.Bd3 Na5 13.Kb1 Nc4 14.Qe2 Rc8 15.Bxc4 Qxc4
16.e5 b4 17.exf6 bxc3 18.Qxc4 Rxc4 19.b3 Rc8 20.fxg7 Bxg7 21.g4 h5 22.g5 O-O
23.Nf3 Bc6 24.Rhf1 Bxf3 25.Rxf3 Rc6 26.f5 exf5 27.Rxf5 Re8 28.Rf3 Re4 29.a4 Be5
30.a5 Rc7 31.Bb6 Rd7 32.Rfd3 Kg7 33.Bd4 Bxd4 34.Rxd4 Re5 35.b4 Rb7 36.Ka2 Rxg5
37.R1d3 Rg6 38.Rxc3 Rb5 39.Rc7 d5 40.Rf4 Rf6 41.Rxf6 Kxf6 42.Kb3 Rb8 43.Ra7  1-0

[Event "Pico City op"]
[Site "Pico City"]
[Date "1996.??.??"]
[Round "1"]
[White "Herman, Diego"]
[Black "Fiorito, Fabian"]
[Result "0-1"]
[WhiteElo "2115"]
[BlackElo "2470"]

1.e4 c5 2.Nf3 d6 3.d4 cxd4 4.Nxd4 Nf6 5.Nc3 Nc6 6.Bg5 e6 7.Qd2 a6 8.O-O-O h6
9.Be3 Be7 10.f3 Nxd4 11.Bxd4 b5 12.g4 e5 13.Be3 Be6 14.h4 Rc8 15.g5 hxg5
16.hxg5 Rxh1 17.gxf6 Rxf1 18.Rxf1 Bxf6 19.Rh1 Ke7 20.Bg5 Qc7 21.a3 Qc4 22.Rd1 Rc6
23.Bxf6+ gxf6 24.f4 a5 25.f5 b4 26.Nb1 Bd7 27.Qd3 bxa3 28.Nxa3 Qxd3 29.Rxd3 Rc5
30.Nb1 d5 31.Nc3 dxe4 32.Rd5 Rc6 33.Rxa5 Bxf5 34.Ra4 Bg6 35.Nxe4 f5 36.Nc3 f4
37.Nd5+ Ke6 38.c4 Bd3 39.b3 f3 40.Ra2 Bxc4  0-1

[Event "Pico City op"]
[Site "Pico City"]
[Date "1996.??.??"]
[Round "6"]
[White "Servat, Roberto"]
[Black "Braga, Fernando"]
[Result "0-1"]
[WhiteElo "2435"]
[BlackElo "2440"]

1.e4 c5 2.Nf3 d6 3.d4 cxd4 4.Nxd4 Nf6 5.Nc3 Nc6 6.Bg5 e6 7.Qd2 a6 8.O-O-O h6
9.Be3 Be7 10.f3 Nxd4 11.Bxd4 b5 12.Kb1 e5 13.Be3 Be6 14.Nd5 Bxd5 15.exd5 Nd7
16.g4 Bg5 17.h4 Bxe3 18.Qxe3 Qb6 19.Qd2 O-O-O 20.g5 Kb8 21.Bh3 Nc5 22.Rhg1 hxg5
23.Qxg5 g6 24.Qf6 Rdf8 25.Rh1 Qd8 26.Qxd8+ Rxd8 27.Bg2 Rh5 28.Rh3 Rdh8 29.Rdh1 Nd7
30.a4 bxa4  0-1

[Event "Polanica Zdroj op"]
[Site "Polanica Zdroj"]
[Date "1996.??.??"]
[Round "1"]
[White "Stripunsky, Alexander"]
[Black "Bindrich, Oswald"]
[Result "1-0"]
[WhiteElo "2495"]
[BlackElo "2175"]

1.e4 c5 2.Nf3 Nc6 3.d4 cxd4 4.Nxd4 Nf6 5.Nc3 d6 6.Bg5 e6 7.Qd2 a6 8.O-O-O Nxd4
9.Qxd4 Be7 10.e5 dxe5 11.Qxe5 Qb6 12.Be3 Qc6 13.Be2 O-O 14.Bf3 Qe8 15.Bd4 Qd8
16.Rhe1 Bd6 17.Qe3 Qc7 18.g3 Nd7 19.Qg5 f6 20.Qh5 Be5 21.Be4 f5 22.Bg2 Bxd4
23.Rxd4 Nf6 24.Qe2 Bd7 25.f4 Rac8 26.Red1 Rfe8 27.Qe5 Bc6 28.Bxc6 Qxc6 29.R4d2 b5
30.a3 Kf7 31.Rd6 Qb7 32.h3 Re7 33.g4 Ne4 34.Nxe4 Qxe4 35.Qxe4 fxe4 36.Rxa6 h5
37.Rd4 hxg4 38.hxg4 Rec7 39.c3 Rc4 40.Rd7+ Kf6 41.Raa7 Rg8 42.Kd2 g5 43.Rf7+ Kg6
44.Ke3 gxf4+ 45.Rxf4 Rh8 46.Rxe4 Rh3+ 47.Kf4 Rxe4+ 48.Kxe4 Rg3 49.Kf4 Rg2
50.b4 Rc2 51.Rc7 Ra2 52.Rc5  1-0

[Event "Polanica Zdroj op"]
[Site "Polanica Zdroj"]
[Date "1996.??.??"]
[Round "8"]
[White "Panas, Pawel"]
[Black "Kachur, Alexander"]
[Result "1-0"]
[WhiteElo "2215"]
[BlackElo "2275"]

1.e4 c5 2.Nf3 d6 3.d4 cxd4 4.Nxd4 Nf6 5.Nc3 Nc6 6.Bg5 Bd7 7.Nb3 h6 8.Bxf6 gxf6
9.Be2 f5 10.exf5 Bxf5 11.Bd3 Qd7 12.Qe2 Bg7 13.Nd5 Bxb2 14.Rd1 Bg4 15.f3 Be6
16.c4 Bg7 17.Be4 O-O 18.O-O f5 19.Bb1 Bf7 20.Kh1 e6 21.Nf4 Ne5 22.Rfe1 Rac8
23.c5 d5 24.Nd4 Rfe8 25.Ndxe6 Ng6 26.Bxf5 Nxf4 27.Nxg7 Qxf5 28.Nxf5 Nxe2
29.Nd6 Nc3 30.Nxe8 Rxe8 31.Rxe8+ Bxe8 32.Rd3 Nxa2 33.Rxd5 Bc6 34.Rd2 Nc3
35.Kg1 Na4 36.Rc2 Kf7 37.Kf2 Ke6 38.g4 Kd5 39.f4 Nxc5 40.h4 a5 41.g5 Ne4+
42.Ke3 Nd6 43.Rd2+ Kc5 44.Rxd6 hxg5 45.Rxc6+ Kxc6 46.h5 g4 47.Kf2  1-0

[Event "Polanica Zdroj op"]
[Site "Polanica Zdroj"]
[Date "1996.??.??"]
[Round "10"]
[White "Kucypera, Anna"]
[Black "Perdek, Miroslaw"]
[Result "0-1"]
[WhiteElo "2020"]
[BlackElo "2325"]

1.e4 c5 2.Nf3 d6 3.d4 cxd4 4.Nxd4 Nf6 5.Nc3 Nc6 6.Bg5 Bd7 7.Qd2 Rc8 8.O-O-O Nxd4
9.Qxd4 Qa5 10.Be3 a6 11.f3 g6 12.Nd5 Bg7 13.Bc4 Be6 14.Qd3 Nxd5 15.Bxd5 Bxd5
16.Qxd5 Qb4 17.Bd4 Bxd4 18.Qxd4 Qxd4 19.Rxd4 Rc5 20.Re1 O-O 21.e5 Rfc8 22.c3 d5
23.Kc2 e6 24.Kd3 Kg7 25.Ke3 g5 26.h4 h6 27.hxg5 hxg5 28.Rg4 f6 29.f4 Rc4
30.exf6+ Kxf6 31.fxg5+ Kf5 32.Rxc4 Rxc4 33.Kf3 Rf4+ 34.Kg3 Rg4+ 35.Kf3 Rf4+
36.Kg3 e5 37.Rd1 Rg4+ 38.Kf3 e4+ 39.Ke3 Ke5 40.Rd2 Rg3+ 41.Ke2 Rxg2+ 42.Ke3 Rg3+
43.Ke2 Rxg5 44.Ke3 Rg3+ 45.Ke2 Rg2+  0-1

[Event "POR-CHN m"]
[Site "?"]
[Date "1996.??.??"]
[Round "1"]
[White "Peng Xiaomin"]
[Black "Damaso, Rui"]
[Result "1-0"]
[WhiteElo "2490"]
[BlackElo "2415"]

1.e4 c5 2.Nf3 d6 3.d4 cxd4 4.Nxd4 Nf6 5.Nc3 Nc6 6.Bg5 e6 7.Qd2 a6 8.O-O-O h6
9.Be3 Ng4 10.Nxc6 bxc6 11.Bc5 Bb7 12.h3 Qa5 13.Bxd6 O-O-O 14.Bc7 Qxc7 15.Qxd8+ Qxd8
16.Rxd8+ Kxd8 17.hxg4 Bc5 18.f3 Be3+ 19.Kd1 Bd4 20.Na4 Kc7 21.Bd3 Rd8 22.Ke2 Ba7
23.Rh5 Rd4 24.b3 Bc8 25.c3 Rd8 26.b4 Bb7 27.Ra5 Bb6 28.Nxb6 Kxb6 29.c4 Kc7
30.Ke3 g5 31.g3 Rg8 32.Be2 Rd8 33.f4 Rg8 34.c5 Ra8 35.e5 Rd8 36.Bxa6 Ra8
37.Bd3 Rxa5 38.bxa5 Bc8 39.Kd4 Bd7 40.Kc3 Kb7 41.Kb4  1-0

[Event "CZE-ch U18"]
[Site "Prague"]
[Date "1996.??.??"]
[Round "2"]
[White "Stankova, Zuzana"]
[Black "Kovac, Martin"]
[Result "1/2-1/2"]
[WhiteElo "1875"]
[BlackElo "1700"]

1.e4 c5 2.Nf3 Nc6 3.d4 cxd4 4.Nxd4 d6 5.Nc3 Nf6 6.Bg5 Bd7 7.Qd2 g6 8.Bxf6 exf6
9.Ndb5 Be6 10.Rd1 a6 11.Nxd6+ Qxd6 12.Qxd6 Bxd6 13.Rxd6 O-O 14.a3 Rfd8 15.Rxd8+ Rxd8
16.Bd3 Ne5 17.Ke2 Bc4 18.Rd1 Bxd3+ 19.cxd3 Kf8 20.h3 Rd6 21.Ke3 Ke7 22.f4 Nc6
23.d4 Na5 24.d5 Rb6 25.Na4 Rb5 26.Kd4 Nb3+ 27.Kc4 Kd6 28.Nc3 Na5+ 29.Kd3 Rxb2
30.g3 Rb3 31.a4 Rb4 32.Rb1 Rxb1 33.Nxb1 Kc5 34.Nc3 Nc4 35.g4 b5 36.axb5 axb5
37.h4 Nb2+ 38.Kc2 Nc4 39.Kd3 Nb2+ 40.Kc2 Na4 41.Ne2 f5 42.gxf5 gxf5 43.d6 Kxd6
44.Nd4 fxe4 45.Nxb5+ Ke6 46.Nd4+ Kd5 47.Nf5 Nc5 48.Kd2 Ke6 49.Ng3 f5 50.Nh5 Kf7
51.Ke3 Kg6 52.Ng3 Nd3 53.Kd4 Kf6 54.Ke3 Ne1 55.Kf2 Nc2 56.Ne2 Nb4 57.Kg3 Kg6
58.Nd4 Nd3 59.Ne6 Kf6 60.Nd4 Nc5 61.Nc2 Ne6 62.Ne3 Ng7 63.Ng2 Ke6 64.Kf2 h5
65.Ne3 Kd6 66.Nc2 Kd5 67.Ke3 Kc4 68.Nd4  1/2-1/2

[Event "CRO-Cup"]
[Site "Pula"]
[Date "1996.??.??"]
[Round "?"]
[White "Fercec, Nenad"]
[Black "Kozul, Zdenko"]
[Result "0-1"]
[WhiteElo "2405"]
[BlackElo "2580"]

1.e4 c5 2.Nf3 Nc6 3.d4 cxd4 4.Nxd4 Nf6 5.Nc3 d6 6.Bg5 e6 7.Qd2 a6 8.O-O-O Bd7
9.f3 Rc8 10.h4 Be7 11.g4 h5 12.gxh5 Nxh5 13.Rg1 Nxd4 14.Qxd4 Rc6 15.Qd2 Bf6
16.e5 dxe5 17.Bxf6 gxf6 18.Ne4 Qc7 19.Nd6+ Rxd6 20.Qxd6 Qxd6 21.Rxd6 Nf4
22.Rb6 Bc6 23.Bxa6 Kd7 24.Rg7 Kc7 25.Rxb7+ Bxb7 26.Rxf7+ Kb6 27.Bxb7 f5 28.a4 Rb8
29.b4 Rxb7 30.Rxb7+ Kxb7 31.Kd2 Nh5 32.c4 Nf6 33.Ke3 f4+ 34.Kd3 e4+ 35.fxe4 e5
36.Kc2 Nh5 37.Kd1 Ng3 38.Ke1 Kb6 39.Kd1 f3 40.Ke1 Nxe4 41.h5 Nf6 42.h6 e4
43.Kd2 f2 44.Ke2 e3  0-1

[Event "Rieden op"]
[Site "Rieden"]
[Date "1996.??.??"]
[Round "?"]
[White "Biro, Sandor"]
[Black "Madl, Ildiko"]
[Result "1/2-1/2"]
[WhiteElo "2345"]
[BlackElo "2385"]

1.e4 c5 2.Nf3 d6 3.Nc3 Nc6 4.d4 cxd4 5.Nxd4 Nf6 6.Bg5 e6 7.Qd2 Be7 8.O-O-O Nxd4
9.Qxd4 O-O 10.f4 Qa5 11.Bb5 a6 12.e5 dxe5 13.fxe5 Nd5 14.Bxe7 Nxe7 15.Ba4  1/2-1/2

[Event "Rishon Le Ziyyon"]
[Site "Rishon Le Ziyyon"]
[Date "1996.??.??"]
[Round "3"]
[White "Shmuter, Leonid"]
[Black "Greenfeld, Alon"]
[Result "1-0"]
[WhiteElo "2490"]
[BlackElo "2560"]

1.e4 c5 2.Nf3 d6 3.d4 cxd4 4.Nxd4 Nf6 5.Nc3 Nc6 6.Bg5 e6 7.Qd2 a6 8.O-O-O h6
9.Be3 Be7 10.f4 Nxd4 11.Bxd4 b5 12.Bd3 Bb7 13.Kb1 O-O 14.Rhe1 b4 15.Na4 Bc6
16.Nb6 Rb8 17.Nc4 Nxe4 18.Bxe4 Bxe4 19.Rxe4 d5 20.Re3 dxc4 21.Qe2 Qc8 22.f5 Bg5
23.f6 Bxe3 24.Qxe3 Rd8 25.fxg7 Kh7 26.Rf1 f5 27.Rf4 Rd6 28.Qe5 Qd7 29.Rh4 Qe7
30.Qf4 e5 31.g8=Q+ Kxg8 32.Qg3+ Qg5 33.Qxe5 Qxh4 34.Qg7+  1-0

[Event "Rishon Le Ziyyon"]
[Site "Rishon Le Ziyyon"]
[Date "1996.??.??"]
[Round "6"]
[White "Liss, Eran"]
[Black "Shmuter, Leonid"]
[Result "1-0"]
[WhiteElo "2480"]
[BlackElo "2490"]

1.e4 c5 2.Nf3 d6 3.d4 cxd4 4.Nxd4 Nf6 5.Nc3 Nc6 6.Bg5 Qb6 7.Nb3 e6 8.Qd2 Be7
9.O-O-O O-O 10.f3 Rd8 11.Nb5 Rd7 12.Be3 Qd8 13.N5d4 e5 14.Nxc6 bxc6 15.Na5 Qc7
16.Qc3 Bb7 17.Qb4 d5 18.Qxb7 Qxb7 19.Nxb7 Rxb7 20.Ba6 Rc7 21.Bd2 d4 22.c3 c5
23.Kb1 Rb8 24.cxd4 Rc6 25.Bd3 cxd4 26.Rc1 Rbc8 27.Rxc6 Rxc6 28.Rc1 Rxc1+
29.Kxc1 Ne8 30.Kc2 Kf8 31.Kb3 Nd6 32.Ka4 Bd8 33.f4 f6 34.f5 Ke7 35.b4 Kd7
36.Kb3 Kc6 37.a4 a6 38.g4 g5 39.fxg6 hxg6 40.Be1 f5 41.exf5 gxf5 42.gxf5 a5
43.Bg3 Kd5 44.bxa5 Bxa5 45.f6 Bd8 46.f7 Be7 47.a5 Nc8 48.Bc4+ Kd6 49.a6 Bf8
50.Be1 Kc6 51.Bb4 Nd6 52.a7 Kb7 53.Bc5  1-0

[Event "Rishon Le Ziyyon"]
[Site "Rishon Le Ziyyon"]
[Date "1996.??.??"]
[Round "8"]
[White "Liss, Eran"]
[Black "Kotronias, Vasilios"]
[Result "0-1"]
[WhiteElo "2480"]
[BlackElo "2610"]

1.e4 c5 2.Nf3 Nc6 3.d4 cxd4 4.Nxd4 Nf6 5.Nc3 d6 6.Bg5 e6 7.Qd2 Be7 8.O-O-O O-O
9.Nb3 Qb6 10.f3 Rd8 11.Nb5 Rd7 12.Be3 Qd8 13.N5d4 a5 14.Nxc6 bxc6 15.Nd4 Rc7
16.g4 a4 17.g5 Nh5 18.Ne2 e5 19.Ng3 Nf4 20.h4 Rb7 21.Qc3 Rab8 22.Bxf4 exf4
23.Nh5 Qf8 24.b3 axb3 25.axb3 d5 26.Rd4 Bb4 27.Rxb4 Rxb4 28.exd5 cxd5 29.Qe5 Bd7
30.Bd3 Re8 31.Qxd5 Be6 32.Qa5 Rc8 33.Kd2 Qd6 34.Re1 Bxb3 35.cxb3 Rd8 36.Qf5 g6
37.Re8+ Rxe8 38.Nf6+ Kf8 39.Nxh7+ Kg7  0-1

[Event "Sakthi"]
[Site "Sakthi"]
[Date "1996.??.??"]
[Round "6"]
[White "Ramesh, RB."]
[Black "Lovlu, Saifuddi"]
[Result "1/2-1/2"]
[WhiteElo "2415"]
[BlackElo "2215"]

1.e4 c5 2.Nf3 Nc6 3.d4 cxd4 4.Nxd4 Nf6 5.Nc3 d6 6.Bg5 e6 7.Qd2 a6 8.O-O-O Bd7
9.f3 Qc7 10.g4 b5 11.Bxb5 axb5 12.Ndxb5 Qb8 13.Nxd6+ Bxd6 14.Qxd6 Qxd6 15.Rxd6 h6
16.Bf4 e5 17.Be3 Na5 18.b3 Ke7 19.Rhd1 Rhc8 20.Nd5+ Nxd5 21.R6xd5 Be6 22.Rb5 Nxb3+
23.axb3 Ra1+ 24.Kd2 Rd8+ 25.Rd5 Rxd1+ 26.Kxd1 Bxd5 27.exd5 Rxd5+ 28.Ke2 Ra5
29.b4 Ra1 30.h4 Ke6 31.h5 Kd5 32.Kd3 Rd1+ 33.Bd2 g6 34.c4+ Kc6 35.Kc3 gxh5
36.gxh5 Rf1 37.b5+ Kb6 38.Bxh6 Ka5 39.Kd3 Rxf3+ 40.Ke4 Rh3 41.Bd2+ Kb6 42.h6 Rh4+
43.Kf5 Rxc4 44.Bg5 Rc3 45.Kxe5  1/2-1/2